01148nam a22002177a 4500003000900000008004100009040007100050082002300121245010900144260003000253300004500283440004800328505038400376650002600760650001900786650002400805650001300829700002800842700003200870700002800902AR-CdUCM190425b ||||| |||| 00| 0 spa d aMUNICIPALIDAD PROVINCIAL DEL CUSCOcBIBLIOTECA MUNICIPAL DEL CUSCO aOropesa/N°45/2003 aOropesa :brevista de cultura y educación de opinión y crítica /cAmérico Valer Vargas, Director aCusco.bPantigozo,c2003. a22 páginas. :bilustraciones ;c30 cm. aOropesa.nAño XXII, N°XLV, febrero 2003. aContenido: Camisea y el desarrollo regional. Evolución del estado andino Inka. Armando Valenzuela Lovón. -- Machupicchu en Yale revelando el misterio de los Incas. -- La derrama magisterial aprobó presupuesto para el centro recreacional de San Jerónimo. -- Las calles del Cusco eterno. Germán Bausch Bedoya. -- Oropesa recordó su CXLII aniversario de vida política. aPolítica cusqueña aCultura andina aSociedad cusqueña aSiglo XX aValer Vargas, Alejandro aValenzuela Lovón, Armando aBausch Bedoya, Germán